| 000 | 00726nam a2200229Ia 4500 | ||
|---|---|---|---|
| 003 | OSt | ||
| 005 | 20220924131648.0 | ||
| 006 | a|||||r|||| 00| 0 | ||
| 007 | ta | ||
| 008 | 220923b |||||||| |||| 00| 0 hin d | ||
| 024 | _a75498 | ||
| 037 | _cTextual | ||
| 040 |
_aARTS _cARTS _bhin |
||
| 041 |
_2hin _ahin |
||
| 082 | _aR66xJ40,1, 152M2.1 | ||
| 100 |
_aNarasimhasrama _982539 |
||
| 245 | 0 | _aAdvaita dipika with commentary "Advaitadipika vivaranam" by narayanasrama ed by S Subrahmanya Sastri | |
| 260 |
_aVaranasi _bSampurnanand Sanskrit Vishvavidyalaya _c1982 |
||
| 650 |
_aADVAITA PHILOSOPHY _9790 |
||
| 942 |
_hR66xJ40,1, 152M2.1 _cTEXL _2CC |
||
| 999 |
_c427756 _d427756 |
||